| 000 | 00537nam a2200193 4500 | ||
|---|---|---|---|
| 003 | OSt | ||
| 005 | 20260601171021.0 | ||
| 008 | 260520b\\\\\\\\||||||||\||||\00|\0\spa\d | ||
| 040 |
_aICI _bspa _cICI _erda |
||
| 050 |
_aNA1 _b.A73 |
||
| 100 |
_aKatia Contreras _eautor _934650 |
||
| 245 | _aArchitectural Digest (AD) México | ||
| 264 |
_aMéxico _bCondé Nast México _c2019 |
||
| 300 |
_avolúmenes : _bilustraciones |
||
| 336 |
_2rdacontent _atexto |
||
| 337 |
_2rdamedia _asin medio |
||
| 338 |
_2rdacarrier _avolumen |
||
| 942 |
_2lcc _n1 _cB |
||
| 999 |
_c20882 _d20882 |
||